Antología del cuento chileno: selección, notas críticas e informaciones bibliográficas

-д хадгалсан:
Номзүйн дэлгэрэнгүй
Байгууллагын зохиогч: Universidad de Chile. Instituto de Literatura Chilena (Зохиогч)
Формат: Ном
Хэл сонгох:испани
Хэвлэсэн: Santiago Universitaria 1965
Хэвлэл:2a. ed
Цуврал:Serie D: Antologías y Compilaciones, 1
Нөхцлүүд:
Шошгууд: Шошго нэмэх
Шошго байхгүй, Энэхүү баримтыг шошголох эхний хүн болох!

MARC

LEADER 00000nam a2200000 a 4500
001 UCH6599
003 CL-VaPUC
008 091109e19650000CL |||||||||||||||||spa|d
082 0 4 |a Ch863  |b UNI  |2 21 
110 2 |a Universidad de Chile. Instituto de Literatura Chilena  |e author  |9 543204 
245 1 0 |a Antología del cuento chileno: selección, notas críticas e informaciones bibliográficas 
250 |a 2a. ed 
300 |a 631 p 
942 |c BK 
945 |d 20091109 00:00:00  |a lazolas 
260 |a Santiago  |b Universitaria  |c 1965 
650 0 |a Literatura chilena   |9 308278 
650 0 |a Escritores chilenos   |9 420370 
650 0 |a Ficción   |9 376687 
650 7 |a CUENTOS POPULARES  |2 CL-VaPUC  |9 306606 
650 0 |a Lectura  |9 307634 
650 0 |a Cuentos  |9 308079 
651 7 |a CHILE  |2 CL-VaPUC  |9 543205 
583 |a last modification  |c 20160602 17:24:12  |k Rodrigo Vera 
490 0 |a Serie D: Antologías y Compilaciones, 1 
999 |c 337464  |d 337462